000 01319cam a2200361 i 4500
001 54745
003 Mx-PuUPA
005 20240718094933.0
008 140415s2007 sp gr 000 p spa d
017 _aB-6421-2007
020 _a9788441322031
040 _erda
_bspa
_cMx-PuUPA
_aMx-PuUPA
_dMx-PuUPA
041 1 _aspa
_hund
130 0 _aObras.
_kSelecciones
245 1 0 _aPoema /
_cParménides. Fragmentos / Heráclito ; traducción, José Antonio Miguez, Luis Farré
264 1 _aBarcelona :
_bEdiciones Folio,
_c©2007
300 _a61 páginas ;
_c19 cm
336 _atexto
_2rdacontent
_btxt
337 _asin medio
_2rdamedia
_bn
338 _avolumen
_2rdacarrier
_bnc
490 0 _aColección Grandes ! Ideas
500 _aColección dirigida por Joan-Carles Melich.
650 7 _aFilosofía griega
_2armarc
700 1 2 _94736
_aParmenides,
_tΠαρμενίδη ποίημα.
_f[Año de publicación no identificado].
_lEspañol
700 1 2 _94751
_aHeráclito, de Éfeso,
_tThe Fragments of Heraclitus.
_f[Año de publicación no identificado].
_lEspañol
700 1 _aMiguez, José Antonio,
_etraductor
700 1 _aFarré, Luis,
_etraductor
740 0 2 _aParménides
740 0 2 _aHeráclito
942 _h109
_iP743
_cLI
_2ddc
999 _c54745
_d54745